[Event "Budapest Spring Festival 2019"]
[Site "Budapest"]
[Date "2019.04.10"]
[Round "2.14"]
[White "Shyam, Sundar M."]
[Black "Bashirli, Nail"]
[Result "0-1"]
[WhiteElo "2519"]
[BlackElo "2333"]
[Annotator "TA"]
[PlyCount "126"]
[EventDate "2019.04.09"]
[EventType "swiss"]
[EventCountry "HUN"]
[SourceTitle "playchess.com"]
[Source "ChessBase"]
[SourceQuality "1"]

{[%evp 24,126,27,31,69,43,51,0,67,-7,0,0,0,-21,8,-27,-22,-65,21,15,16,15,15,22,16,20,25,0,0,-45,-33,-46,-37,-65,-8,-20,0,-73,-54,-95,-93,-77,-97,-92,-95,-226,-222,-214,-209,-219,-201,-266,-256,-247,-122,-178,-103,-237,-224,-216,-228,-170,-157,-347,-347,-352,-352,-326,-337,-664,-660,-608,-571,-704,-429,-659,-665,-680,-685,-507,-680,-542,-619,-747,-739,-1248,-1217,-1439,-1229,-1522,-1500,-1900,-1416,-1389,-1323,-29962,-29955,-29983,-29973,-29986,-29985,-29985,-29986,-29989,-29990]} 1. e4 c5 2. Nf3 d6 3. d4 cxd4 4. Nxd4 Nf6 5. Nc3 Nc6 6. f3 e5 7. Nb3 Be7 8. Be3 O-O 9. Qd2 a5 10. Bb5 Na7 {B56: Classical Sicilian: Unusual Lines} 11. Bxa7 Rxa7 12. O-O-O Be6 13. Kb1 {[#] LiveBook: 6 Games} Nd7 $146 ({Predecessor:} 13... Ra8 14. g4 Rc8 15. h4 Nd7 16. Nd5 Bxd5 17. Qxd5 Nb6 18. Qd3 {0-1 (46) So,W (2780)-Vidit,S (2718) chess.com INT 2018}) 14. Bxd7 Qxd7 15. Qe3 (15. Nc5 $14 Qc6 16. Nxe6 fxe6 17. Qd3) 15... Raa8 (15... b6 $1 $11) 16. Nd5 (16. Nc5 $1 $14 Qc6 17. Nxe6 fxe6 18. Qd3) 16... Bd8 $11 17. Nc1 {[%cal Bb3c1,Bc1e2,Be2g3,Bg3f1,Bf1e3][%mdl 32]} Qc6 18. Rd3 b5 19. Rhd1 b4 20. Ne2 Bxd5 ({Black should try} 20... f5 $15) 21. Rxd5 Be7 22. Ng3 Rfc8 23. Qd3 g6 24. Nf1 a4 25. Ne3 Bg5 $1 {[%cal Rg5e3] And now ...Bxe3 would win.} 26. Re1 Ra6 $36 {[%mdl 2048] Black has good play.} 27. Rb5 $1 {[%cal Rb5b4] [#]} b3 $1 {[%mdl 512]} 28. c3 (28. axb3 Bxe3) 28... bxa2+ (28... Rb6 $15 29. Rxb6 bxa2+ 30. Kxa2 Qxb6) 29. Kxa2 Rb6 30. c4 (30. Rb4 $1 $11) 30... Rcb8 {[%cal Rb6b5]} 31. Nd5 Rxb5 32. cxb5 Rxb5 33. Re2 Rb3 34. Rc2 (34. Qc2 $17 {is the only way for White.} Qb5 35. Nc7) 34... Rxd3 $19 35. Rxc6 {[%mdl 4096] Endgame KRB-KRN} Rd2 36. g3 Rxh2 37. f4 exf4 $1 38. gxf4 Bh6 (38... Bh4 $19 {and Black stays clearly on top. aiming for ...Kg7.} 39. Rxd6 h5) 39. Ka3 $17 {[#]} Rf2 (39... Bf8 $1 $19 40. Rc8 h5) 40. f5 (40. Kxa4 $17 {was the only chance.} Bxf4 41. b4) 40... Bg5 $19 (40... gxf5 41. Ne7+ Kg7 42. Nxf5+ Kg6 43. Rxd6+ f6 44. Kxa4 $17) 41. fxg6 fxg6 (41... hxg6 42. Rxd6 Bc1 43. Kxa4) 42. Rxd6 Re2 43. e5 $2 (43. Kxa4 $17 {is a better defense.} Rxb2 44. Rc6) 43... Kf7 ({Don't do} 43... Rxe5 44. Kxa4 h5 45. Nb4 $19) 44. Kxa4 {[#]} h5 $1 {[%cal Bh7h5,Bh5h4][%mdl 32]} ({Not} 44... Rxb2 45. e6+ Kg7 46. Rd7+ Kg8 47. Rc7 $15) (44... Rxe5 45. b4 $17) 45. b4 h4 ({Less strong is} 45... Rxe5 46. b5 $17) 46. e6+ $2 (46. Nc7 Rd2 47. Nd5) 46... Rxe6 47. Rd7+ Kg8 48. Nc7 Re1 49. Rd6 (49. Rd3 $142 Rh1 50. Ne6) 49... Kf7 50. Rd3 Be7 51. Rf3+ Kg7 52. Nd5 g5 53. Ne3 Kg6 54. b5 Bc5 55. Nc2 Re4+ 56. Ka5 g4 57. Rc3 Re5 58. Rc4 Kh5 59. b6 g3 {Black mates.} 60. b7 g2 61. Ka6 g1=Q 62. b8=Q Qg6+ 63. Kb5 Bd6+ {Precision: White = 30%, Black = 74%.} 0-1

[Event "Budapest Spring Festival 2019"]
[Site "Budapest"]
[Date "2019.04.10"]
[Round "2.15"]
[White "Krzyzanowski, Marcin"]
[Black "Daggupati, Balaji"]
[Result "1/2-1/2"]
[WhiteElo "2509"]
[BlackElo "2326"]
[Annotator "TA"]
[PlyCount "253"]
[EventDate "2019.04.09"]
[EventType "swiss"]
[EventCountry "HUN"]
[SourceTitle "playchess.com"]
[Source "ChessBase"]
[SourceQuality "1"]

{[%evp 15,253,9,18,3,3,7,0,-5,-6,-50,-50,-48,-54,-64,-56,-62,-29,-45,-32,-49,-20,-22,0,0,0,0,0,0,20,5,11,7,51,-3,0,-12,-11,0,0,-13,0,-55,-58,-45,-29,-39,-3,-12,-2,-8,0,0,0,-27,-26,-48,-27,-45,0,0,0,-31,-35,-29,43,39,75,83,173,166,118,141,135,29,55,45,50,33,18,21,40,26,31,0,10,9,20,19,20,11,36,8,8,-20,-20,-20,0,-20,-20,-20,-20,-80,-47,-52,-58,-44,-36,-41,-19,-19,-18,-8,-8,-8,30,33,43,43,43,43,43,43,43,43,43,43,51,41,47,35,38,25,25,29,29,29,54,29,62,8,8,8,8,8,8,8,8,8,8,8,8,8,8,8,8,8,8,8,62,8,8,8,8,8,77,77,77,77,77,62,62,62,62,62,62,54,62,8,62,62,62,62,62,62,62,62,62,62,62,62,62,0,62,62,62,8,8,8,8,8,0,0,0,0,8,0,8,0,0,0,0,0,0,0,0,0,0,0,8,0,8,8,8,8,8,8,8,8,8,8,8,0,0,0,0,0,0,0,0,0]} 1. e4 e5 2. Nf3 Nc6 3. Bb5 a6 4. Ba4 Nf6 5. O-O Be7 6. Bxc6 dxc6 7. d3 Nd7 8. Nbd2 O-O 9. b3 {C85: Closed Ruy Lopez: Deferred Exchange Variation} (9. Nc4 Bd6 10. d4 Qe7 11. Re1 Re8 12. b3 c5 13. dxe5 Nxe5 14. Nxd6 cxd6 15. Nd2 Ng4 16. Nf3 Ne5 17. Nd2 Ng4 18. Nf3 {½-½ (18) Andreikin,D (2702)-Kovalev,V (2650) Minsk 2018}) 9... Nc5 10. Bb2 f6 11. Nh4 g6 12. g3 Bh3 13. Ng2 Ne6 14. Nc4 Bc5 15. Kh1 Qd7 16. Qe2 $146 ({Predecessor:} 16. f3 b5 17. Nd2 Bd4 18. Bxd4 Nxd4 {1-0 (52) Shamkovich,L (2405)-Weldon,C (2270) New York 1987}) 16... Rae8 17. f3 Kg7 18. f4 exf4 19. gxf4 Nd4 20. Qd2 Qg4 21. Nce3 Bxg2+ (21... Qe2 {is more complex.} 22. Qxe2 Nxe2 23. Rae1 Bxe3 24. Rxe2 Bb6) 22. Qxg2 Qxg2+ 23. Nxg2 Nxc2 24. Rfc1 (24. Rac1 $14 Nb4 25. Rxc5 Nxd3 {[%mdl 64] Double Attack} 26. Rc2) 24... Nxa1 $11 25. Rxc5 Nxb3 26. axb3 Kf7 27. Kg1 {[#]} f5 $1 {[%mdl 512]} 28. e5 ({Better is} 28. exf5 $11 Re2 29. fxg6+ hxg6 30. Be5) 28... Rd8 $15 29. Rc3 Rd4 30. Kf2 Rfd8 31. Ke3 R4d5 32. Nh4 Ra5 33. Nf3 Ra2 34. Bc1 h6 35. Bd2 Rd5 36. h4 Rb2 37. Bc1 Rb1 (37... Rg2 {with more complications.} 38. Bd2 Rb5 39. Nd4 Rd5 40. Nf3) 38. Nd2 Ra1 39. Nf3 Rb5 (39... h5 $11) 40. Nd4 $14 {[%mdl 1024] White has compensation.} Rba5 {[#]} 41. h5 $1 {[%mdl 512]} R1a2 {[#]} (41... Rb1 $16) (41... gxh5 42. Nxf5) 42. hxg6+ $1 $18 Kxg6 43. Bd2 Rd5 44. Be1 (44. Ne6 $16) 44... Ra1 45. Nf3 Kf7 46. Bh4 c5 47. d4 b6 48. dxc5 bxc5 49. Bf2 a5 50. Ke2 Ra2+ 51. Kf1 a4 52. bxa4 $1 Rxa4 53. Bxc5 Rxf4 54. Bf2 {[#]} c5 $1 {[%mdl 512]} 55. Kg2 (55. Rxc5 Rxc5) 55... c4 56. Ra3 Rg4+ 57. Kf1 Rd3 58. Ra7+ (58. Rxd3 $11 cxd3 59. Be3) 58... Ke8 59. Ra8+ Kd7 60. Ra7+ Kc6 61. Ne1 Rh3 {aiming for ...Rh1+.} 62. Nc2 Rh1+ 63. Ke2 Re4+ 64. Kf3 Rh3+ 65. Kg2 Rd3 66. Nb4+ {[%mdl 64] Double Attack} Kb5 67. Rb7+ ({Don't take} 67. Nxd3 cxd3 68. Kf3 Rxe5 $16) 67... Ka4 68. Nxd3 cxd3 $14 {[%mdl 4096] Endgame KRB-KR} 69. Rd7 Rxe5 70. Rxd3 Kb5 71. Rd6 h5 72. Rh6 Kc4 73. Rxh5 Kd5 74. Kf3 Ke6 75. Rh6+ Kd5 76. Rf6 Re8 77. Rxf5+ (77. Bg3 $14 Kd4 78. Kf4) 77... Ke6 $11 78. Ke4 Ra8 79. Bd4 Ra4 80. Rf6+ Ke7 81. Rb6 Ra5 82. Bc3 Rh5 83. Be5 Rh1 84. Kd5 Rd1+ 85. Bd4 Kf7 86. Rf6+ Ke7 (86... Kg8 $11 87. Rg6+ Kh7) 87. Rg6 ({White should try} 87. Rf3 $14 Rd2 88. Rf4) 87... Rf1 88. Rg7+ Rf7 $1 89. Rg8 Rf1 (89... Rh7 $11 90. Be5 Kf7) 90. Bc5+ $16 Kd7 91. Rg7+ Ke8 92. Bd6 Rf6 93. Rh7 Rf7 94. Rh8+ Kd7 95. Ra8 Rf6 96. Be5 (96. Ra6 $14 Rf5+ 97. Be5) 96... Rh6 (96... Rd6+ $11 97. Ke4 Rg6 98. Ra7+ Ke6) 97. Ra7+ $14 Ke8 98. Bd4 {Hoping for Bg7.} Rg6 99. Bc5 $1 {[%cal Rc5d4]} Rg5+ 100. Kc6 Rg6+ 101. Bd6 Rf6 102. Rg7 Re6 103. Kd5 (103. Rb7 {feels hotter.} Rf6 104. Kd5 Rg6 105. Bb4 Rg5+ 106. Ke6) 103... Rf6 $1 104. Rb7 Rg6 105. Rb8+ (105. Bb4 $14 Rg5+ 106. Ke6 Rg6+ 107. Kd5) 105... Kf7 $11 {The position is equal.} 106. Rf8+ Kg7 107. Rf2 Rg1 108. Be5+ Kg6 109. Ke6 Rg5 110. Ra2 Kh5 111. Bf6 Rg1 112. Ra5+ Kg6 113. Ra8 {Rg8+ would kill now.} Re1+ 114. Be5 Rf1 115. Rg8+ Kh5 116. Bf6 Re1+ 117. Kf7 {Threatening mate with Rg5+.} Rb1 118. Rg5+ Kh6 119. Rg4 {[%cal Rg4h4]} Rb7+ 120. Be7 {[%cal Rg4h4]} Rb5 121. Ra4 {Strongly threatening Rg4.} Rf5+ 122. Bf6 {Black must now prevent Ke6.} Rb5 123. Rg4 {And now Rg8 would win.} Rb7+ 124. Ke6 {Threatens to win with Kf5.} Rb1 125. Rg2 {Be5 is the strong threat.} Rf1 126. Kf7 {[%cal Rg2h2]} Kh5 127. Rg5+ {Accuracy: White = 48%, Black = 55%.} 1/2-1/2

[Event "Budapest Spring Festival 2019"]
[Site "Budapest"]
[Date "2019.04.10"]
[Round "2.16"]
[White "Kulkarni, Rakesh"]
[Black "Kosic, Dragan"]
[Result "1/2-1/2"]
[WhiteElo "2334"]
[BlackElo "2508"]
[Annotator "TA"]
[PlyCount "44"]
[EventDate "2019.04.09"]
[EventType "swiss"]
[EventCountry "HUN"]
[SourceTitle "playchess.com"]
[Source "ChessBase"]
[SourceQuality "1"]

{[%evp 18,44,14,9,13,8,27,0,0,0,0,0,0,0,0,0,28,23,30,0,0,8,10,13,29,25,41,33,20]} 1. e4 e6 2. d4 d5 3. exd5 exd5 4. Nf3 Nf6 5. Bd3 Be7 6. h3 O-O 7. O-O c5 8. dxc5 {C01: French: Exchange Variation} Bxc5 9. Nbd2 {[%cal Bb1d2,Bd2b3,Bb3d4][%mdl 32]} Nc6 10. c3 {LiveBook: 4 Games. The position is equal.} Re8 $146 (10... Qd6 11. b4 Bb6 12. Nc4 {½-½ (12) Leniart,A (2480)-Gleizerov,E (2519) Suwalki 2017}) ({Predecessor:} 10... Bb6 11. Nb3 Ne4 12. Nbd4 Qf6 13. Be3 {½-½ (27) Petrusic,T (2164)-Dugandzic,B (2210) Zagreb 2011}) 11. Nb3 Bb6 12. Nbd4 Ne4 13. Re1 Qf6 14. Be3 Qg6 15. Nh4 Qf6 16. Nhf3 Nxd4 17. Nxd4 Bd7 18. Qc2 h6 19. Rad1 Rac8 20. Nb3 {[#] Strongly threatening Bxb6.} Bxe3 21. Rxe3 Ng5 22. Rde1 Rxe3 {Accuracy: White = 63%, Black = 81%.} 1/2-1/2

[Event "Budapest Spring Festival 2019"]
[Site "Budapest"]
[Date "2019.04.10"]
[Round "2.17"]
[White "Kantor, Gergely"]
[Black "Stocko, Josip"]
[Result "1-0"]
[WhiteElo "2505"]
[BlackElo "2317"]
[Annotator "TA"]
[PlyCount "65"]
[EventDate "2019.04.09"]
[EventType "swiss"]
[EventCountry "HUN"]
[SourceTitle "playchess.com"]
[Source "ChessBase"]
[SourceQuality "1"]

{[%evp 19,65,30,29,34,45,28,47,45,127,124,129,112,137,134,127,128,123,139,154,154,155,189,316,310,445,447,615,651,719,718,785,754,1272,1233,1783,1770,1710,1599,29991,29991,29994,29995,29995,29995,29995,29996,29996,29991]} 1. d4 Nf6 2. c4 e6 3. g3 c5 4. d5 exd5 5. cxd5 g6 6. Bg2 d6 7. Nc3 Bg7 8. Nf3 O-O 9. O-O Re8 10. Bf4 Nh5 11. Bg5 {A62: Modern Benoni: Fianchetto Variation without early ...Nbd7} Qa5 (11... Qd7 12. a4 Na6 13. e4 Nb4 14. Qd2 b6 15. Rfe1 Ba6 16. h3 Nd3 17. Red1 Nf6 18. Ne1 Nb4 {1-0 (45) Moiseenko,A (2640)-Fier,A (2540) Tallinn 2019}) 12. Nd2 h6 $146 ({Predecessor:} 12... f6 13. Be3 f5 14. Nc4 Qa6 15. Qb3 Bxc3 16. Qxc3 b5 17. Nd2 Nd7 18. b4 Bb7 {1-0 (33) Shumiakina,T (2330)-Peptan,C (2255) Timisoara 1994}) 13. Be3 $1 {White is slightly better.} f5 (13... Nd7 $14) 14. Nc4 $16 Qd8 15. Bf3 Nf6 16. Bf4 $36 {[%mdl 2048] White is in control.} Bf8 17. h4 Na6 18. Qd2 Kh7 19. Nb5 {[%cal Rb5d6]} Ne4 20. Bxe4 $1 fxe4 (20... Rxe4 {was called for.} 21. Ncxd6 Bxd6 22. Nxd6 (22. Bxd6 Rb4 $16) 22... Rd4) 21. Nbxd6 $18 e3 (21... Re7 $142 22. Nxc8 Rxc8) 22. fxe3 Bh3 23. h5 Bxd6 24. hxg6+ ({Not} 24. Bxd6 Bxf1 25. Rxf1 (25. hxg6+ Kg8 $16) 25... Kg8 $18) 24... Kxg6 25. Nxd6 Rf8 26. Qd3+ Kh5 {[#]} 27. Qh7 $1 Rf6 28. Ne4 {White threatens Bxh6 and mate.} Rg6 29. Qf7 {White mates.} Qh8 {[#]} 30. g4+ $1 Bxg4 31. Ng3+ Kh4 32. Qxg6 Rg8 33. Qe4 {Accuracy: White = 98%, Black = 43%.} 1-0

[Event "Budapest Spring Festival 2019"]
[Site "Budapest"]
[Date "2019.04.10"]
[Round "2.18"]
[White "Popovic, Milan S"]
[Black "Swayams, Mishra"]
[Result "1/2-1/2"]
[WhiteElo "2332"]
[BlackElo "2478"]
[Annotator "TA"]
[PlyCount "35"]
[EventDate "2019.04.09"]
[EventType "swiss"]
[EventCountry "HUN"]
[SourceTitle "playchess.com"]
[Source "ChessBase"]
[SourceQuality "1"]

{[%evp 9,35,4,14,12,6,-1,0,0,16,16,14,18,16,12,16,21,18,0,19,0,0,-22,0,0,0,-14,0,0]} 1. d4 Nf6 2. Nf3 e6 3. Bf4 d5 4. e3 Bd6 5. Bg3 c5 {The position is equal.} 6. Bb5+ {D02: 1 d4 d5 2 Nf3 sidelines, including 2...Nf6 3 g3 and 2...Nf6 3 Bf4} Nc6 7. c3 O-O 8. Nbd2 Qe7 (8... cxd4 9. exd4 Ne7 10. Bd3 Ng6 11. O-O Bxg3 12. fxg3 b5 13. Qe2 Qb6 14. Ng5 b4 15. Ndf3 h6 {½-½ (34) Naroditsky,D (2616)-Mamedyarov,S (2817) chess.com INT 2019}) 9. Bxc6 bxc6 10. Qa4 Bxg3 11. hxg3 cxd4 12. cxd4 ({Much weaker is} 12. Nxd4 Bd7 $15) 12... Rb8 13. Nb3 Rb6 {[#] Threatens to win with ...Ra6.} 14. Qa5 $146 ({Predecessor:} 14. O-O Ra6 15. Na5 c5 16. dxc5 Qxc5 {½-½ (38) Aleksandrov,A (2580)-Najer,E (2707) Tbilisi 2017}) 14... Ne4 {[#] White must now prevent ...Ra6.} 15. O-O $1 Ra6 16. Qe1 Rb6 {Strongly threatening ...Ba6.} 17. Qa5 Ra6 18. Qe1 {Accuracy: White = 59%, Black = 52%.} 1/2-1/2

[Event "Budapest Spring Festival 2019"]
[Site "Budapest"]
[Date "2019.04.10"]
[Round "2.19"]
[White "Skomorokhin, Roman"]
[Black "Lizak, Peter"]
[Result "1-0"]
[WhiteElo "2318"]
[BlackElo "2472"]
[Annotator "TA"]
[PlyCount "167"]
[EventDate "2019.04.09"]
[EventType "swiss"]
[EventCountry "HUN"]
[SourceTitle "playchess.com"]
[Source "ChessBase"]
[SourceQuality "1"]

{[%evp 9,167,16,14,10,17,-5,18,15,30,12,10,14,30,3,18,10,43,42,48,41,97,94,105,95,103,84,90,77,83,82,85,79,75,67,70,67,70,70,89,63,63,63,63,63,63,67,72,72,127,72,104,57,145,65,125,43,45,21,48,41,41,45,45,0,39,23,100,33,42,32,35,32,35,0,16,0,0,0,32,35,44,44,45,47,53,53,66,60,163,156,163,163,163,163,163,163,163,162,163,163,178,72,125,145,395,282,267,198,174,180,267,180,136,140,249,270,304,296,250,181,181,181,185,105,274,76,612,0,276,0,624,617,610,601,765,762,752,751,742,731,1185,1183,1114,1089,2637,2590,1393,765,29981,29982,29982,29983,29982,29984,29984,29985,29985,29986,29986,29987]} 1. Nf3 b6 2. d4 Bb7 3. e3 g6 4. b3 Bg7 5. Bb2 Nf6 6. c4 {A40: Unusual replies to 1 d4} O-O 7. Nc3 d6 8. Qc2 {The position is equal.} Nbd7 9. Rd1 e6 10. Be2 Qe7 11. O-O a6 12. Rfe1 $146 ({Predecessor:} 12. e4 e5 13. Nd5 Nxd5 14. cxd5 exd4 15. Nxd4 {0-1 (49) Nakamura,H (2791)-Vachier Lagrave,M (2819) chess.com INT 2016}) 12... Rac8 13. e4 c5 14. d5 e5 (14... exd5 $14 15. Nxd5 Nxd5 16. Bxg7 (16. cxd5 Rce8 $11) 16... Kxg7 17. exd5 (17. cxd5 Rce8 $11) 17... Rce8) 15. Bc1 $16 h6 16. g3 Nh7 17. Bf1 Rb8 18. Bd2 Ng5 19. Nxg5 hxg5 20. g4 Bf6 21. f3 Kg7 22. Be3 Qe8 23. Qd2 Bd8 24. Bd3 Rh8 25. Rb1 Rh3 26. Qg2 ({Reject} 26. Bxg5 $6 Bxg5 27. Qxg5 Rxf3 $15) 26... Rh4 27. a3 Bc8 28. Re2 Nf6 (28... Qe7 $142) 29. Bf2 (29. Bxg5 $142 Rh8 30. Be3) 29... b5 30. Reb2 Ba5 (30... Rh8 $14) 31. Ne2 (31. Bxh4 $16 gxh4 32. Qd2) 31... Bd7 (31... bxc4 $14 32. Bxc4 Rh6) 32. Be3 (32. Bxh4 $16 gxh4 33. Kh1) 32... Nh7 $14 33. Qf2 b4 34. axb4 Bxb4 35. Ra2 a5 36. Bc2 Qc8 37. Kh1 Qa6 {[#]} (37... Qd8 $11) 38. Bd3 (38. Bxg5 $1 $16 {[%mdl 512]} Nxg5 39. Qxh4 Nxf3 40. Qg3) 38... Rh8 39. Rc1 Qc8 40. Ng3 Qd8 41. Rf1 Bc3 42. Ne2 Bb4 43. Ng3 Qf6 44. Qc2 Rh3 45. Kg1 Kg8 46. Qc1 Qg7 47. Rff2 Qh6 48. Rg2 f6 ({Black should try} 48... Bc8 $14) 49. Bd2 $1 $18 Nf8 {[%cal Rh3h2]} 50. Bxb4 $1 axb4 51. Qd2 Kf7 52. Qf2 Ke7 53. Ra7 Qh4 54. Bf1 Rh7 {[#]} 55. Ne2 (55. Qe2 $1 $18) 55... Kd8 (55... Rh8 $142) 56. Ra6 $16 Kc7 $2 (56... Ke7 $16) 57. Nc1 Qxf2+ 58. Rxf2 R3h4 59. Rfa2 f5 (59... Rf7 {is a better defense.} 60. Bg2 f5) 60. h3 fxg4 61. fxg4 Rf7 {[#]} (61... Bxg4 $16 {was called for.} 62. Ra7+ Kd8) 62. Bg2 $1 $18 Rhh7 63. Nd3 Rhg7 64. Ra7+ Kd8 65. R2a6 Ke7 66. Rb6 (66. Nb2 $18) 66... Nh7 $2 (66... Rf6 $16 67. Kh2 Rgf7) 67. Raa6 $2 (67. Ne1 $18 {is more deadly.}) 67... Bc8 $2 {[%mdl 8192]} (67... Rf6 $16) 68. Ra7+ (68. Rxd6 $142 Bxa6 69. Rxa6) 68... Bd7 69. Raa6 $2 (69. Ne1) 69... Bc8 $1 {[%cal Rc8a6]} 70. Rxd6 Bxa6 71. Rxa6 Rf6 72. Ra7+ Kf8 73. Ra8+ Ke7 74. Nxe5 Rd6 75. Nc6+ Rxc6 76. Ra7+ Kd8 77. Rxg7 {[%mdl 4096] Endgame KRB-KRN} Rc7 78. Rxg6 Ra7 79. Rg8+ {White mates.} Kc7 80. Rg7+ {[%mdl 64] Double Attack} Kb6 81. Rxa7 Kxa7 82. e5 Kb6 83. Be4 Nf8 84. e6 {Accuracy: White = 46%, Black = 34%.} 1-0

[Event "Budapest Spring Festival 2019"]
[Site "Budapest"]
[Date "2019.04.10"]
[Round "2.20"]
[White "Mosesov, Danylo"]
[Black "Abdumalik, Zhansaya"]
[Result "1/2-1/2"]
[WhiteElo "2315"]
[BlackElo "2463"]
[Annotator "TA"]
[PlyCount "161"]
[EventDate "2019.04.09"]
[EventType "swiss"]
[EventCountry "HUN"]
[SourceTitle "playchess.com"]
[Source "ChessBase"]
[SourceQuality "1"]

{[%evp 24,161,0,0,0,-14,-12,-14,0,-36,-38,-35,-35,-32,-33,-24,-16,-37,-10,-13,-10,-10,-8,-11,-10,-12,-7,-28,-13,-17,-17,-19,-18,-18,-10,-18,-17,-14,-14,-19,-13,-8,-5,-11,0,-10,-10,-17,0,0,2,0,0,-7,0,0,0,0,0,0,0,0,0,0,0,-135,7,7,7,7,10,0,0,0,0,0,7,0,0,0,0,0,3,0,0,0,99,0,0,0,0,0,0,0,0,0,0,0,0,0,0,0,0,0,0,0,0,0,0,0,0,0,0,0,0,0,0,0,0,0,0,0,0,0,2,0,10,10,10,10,10,10,10,10,10,10,10,10,10,10]} 1. e4 e5 2. Nf3 Nc6 3. Bc4 Bc5 4. c3 Nf6 5. d4 exd4 6. cxd4 Bb4+ 7. Bd2 Bxd2+ 8. Nbxd2 d5 9. exd5 Nxd5 10. Qb3 Nce7 11. O-O O-O 12. Rfe1 c6 13. Ne5 Qb6 {C54: Giuoco Piano: 4 c3 Nf6, main lines with 5 d4 and 5 d3} 14. Ndf3 (14. Qd3 {is more complex.} Bf5 15. Ne4 Rad8 16. Bb3 g6 17. Rad1) (14. Qxb6 axb6 15. Ne4 Be6 16. Ng5 Bf5 17. h3 h6 18. Ngf3 Rfe8 19. a4 f6 20. Ng4 Kf8 21. b3 {½-½ (52) Siigur,J (2488)-Rebord,M (2579) ICCF email 2006}) 14... Qxb3 15. Bxb3 h6 16. Nc4 $146 ({Predecessor:} 16. Nd3 Bf5 17. Nc5 b6 18. Ne4 Rfd8 19. a3 Kf8 20. Ng3 Bh7 21. Rac1 {1-0 (66) Fromme,S (2073)-Schulenburg,B (2148) Baden 2017}) 16... Be6 17. Nd6 Rab8 18. Rac1 Rfd8 19. Ne4 Kf8 20. Nc5 Bc8 21. Ne5 {[%cal Bf3e5,Be5d3,Bd3f4][%mdl 32]} f6 22. Ned3 Nf5 23. Bxd5 Rxd5 24. Nf4 Rd6 $1 25. Rcd1 Kf7 26. Ne4 {[#] aiming for g4.} Rd8 27. d5 cxd5 28. Nxd5 Be6 29. Ndc3 b6 30. f3 Nd4 31. Rd2 Rd7 {[#] Hoping for ...f5.} 32. Red1 Rbd8 33. Kf2 Ke7 34. b3 g5 35. Ne2 {[%cal Re2d4]} Nc6 (35... Nc2 {is interesting.} 36. N2c3 Rxd2+ 37. Rxd2 Rxd2+ 38. Nxd2 Bd7) 36. Rxd7+ Bxd7 37. N2c3 f5 38. Ng3 Be6 39. Rxd8 Kxd8 $11 {[%mdl 4096] Endgame KBN-KNN} 40. f4 Ke7 41. Ke3 Kd6 42. Nge2 Kc5 43. g3 g4 44. Nd4 (44. Nc1 $11 {remains equal.}) 44... Bd7 (44... Nxd4 $17 45. Na4+ Kb4 46. Kxd4 Bd7) 45. Na4+ Kb4 46. Nc2+ Kb5 47. Nc3+ Kc5 48. Na4+ Kd6 49. Nc3 a6 50. Nd4 Ne7 51. Kd3 Kc5 52. a3 Kd6 53. Nd1 a5 54. Ne3 Bc8 (54... Kc5 $11 {keeps the balance.}) 55. Kc3 (55. b4 $16) 55... Nd5+ {The position is equal.} 56. Nxd5 Kxd5 {KB-KN} 57. Kd3 $1 Bd7 58. Ke3 b5 59. Kd3 Kc5 60. b4+ axb4 61. Nb3+ Kd6 62. axb4 Kd5 63. Nd2 Be6 64. Nf1 Bd7 65. Ne3+ Kd6 66. Kd4 Be6 67. Ng2 Bd7 68. Nh4 Be6 69. Ng6 Bd7 70. Ne5 Be6 71. Nd3 Bd7 72. Nf2 Be6 73. h3 h5 {Threatens to win with ...h4!} 74. h4 Bc8 75. Nd3 Bd7 76. Ne1 Bc8 77. Nc2 Bd7 78. Na3 Be8 79. Nb1 Bd7 80. Nd2 Be6 81. Nf1 {Accuracy: White = 77%, Black = 71%.} 1/2-1/2